Draft valuation paper on private care homes (Record no. 106968)

MARC details
000 -LEADER
fixed length control field 01268cam a22002055a 4500
001 - CONTROL NUMBER
control field L138001
008 - FIXED-LENGTH DATA ELEMENTS--GENERAL INFORMATION
fixed length control field 070511s2007 xxk f 000 0 eng d
035 ## - SYSTEM CONTROL NUMBER
System control number (Sirsi) u138001
041 0# - LANGUAGE CODE
Language code of text/sound track or separate title eng
110 2# - MAIN ENTRY--CORPORATE NAME
Corporate name or jurisdiction name as entry element Royal Institution of Chartered Surveyors
Subordinate unit Trading Related Valuation Group
9 (RLIN) 4457
245 00 - TITLE STATEMENT
Title Draft valuation paper on private care homes
Medium [electronic resource]
260 ## - PUBLICATION, DISTRIBUTION, ETC.
Place of publication, distribution, etc. London
Name of publisher, distributor, etc. RICS
Date of publication, distribution, etc. 2007
490 #0 - SERIES STATEMENT
Series statement Valuation Information Paper
Volume/sequential designation 11
520 ## - SUMMARY, ETC.
Summary, etc. The exposure draft of the Valuation Information Paper No.11; 'The valuation and appraisal of private care home properties in England, Wales and Scotland', which is concerned with the valuation of independent healthcare properties, in particular nursing and residential care homes. Puts forward to the view that valuers in this field need to be actively involved in the market for healthcare properties, and that a working knowledge of the regulatory framework is essential.
590 ## - LOCAL NOTE (RLIN)
Local note KA NTK
651 #4 - SUBJECT ADDED ENTRY--GEOGRAPHIC NAME
Geographic name United Kingdom
Chronological subdivision
690 ## - LOCAL SUBJECT ADDED ENTRY--TOPICAL TERM (OCLC, RLIN)
Topical term or geographic name as entry element PROPERTY-OTHER PROPERTY TYPES-HEALTHCARE AND WELFARE PROPERTY-WELFARE FACILITY AND HOME PROPERTY-WELFARE FACILITIES
856 40 - ELECTRONIC LOCATION AND ACCESS
Host name http://www.rics.org/Property/Commercialproperty/Commercialpropertyappraisalandvaluation/vip_11_draft_040507.htm
942 ## - ADDED ENTRY ELEMENTS (KOHA)
Suppress in OPAC 0
Holdings
Withdrawn status Lost status Source of classification or shelving scheme Damaged status Not for loan Home library Current library Shelving location Date acquired Total Checkouts Full call number Barcode Date last seen Copy number Price effective from Koha item type
    Dewey Decimal Classification     Virtual Virtual Online 11/05/2007   ONLINE PUBLICATION 138001-2001 06/08/2019 1 06/08/2019 Book